Southville International School and Colleges
Your cart is empty.
  • Cart
  • Lists
    Public lists Eva Luna New books Lux_list list_1
    Your lists Log in to create your own lists
  • Log in to your account
  • Your cookies
  • Search history
Southville International School and Colleges
  • Advanced search
  • Recent comments
  • Most popular
  • Libraries

Log in to your account

Log in with GOOGLE


If you do not have an external account, but do have a local account, you can still log in:

  1. Home
  2. MARC view: Outliers:
Normal view MARC view ISBD view

Outliers: (Record no. 288112)

[ view plain ]
MARC details
000 -LEADER
fixed length control field 00571nam a2200169Ia 4500
008 - FIXED-LENGTH DATA ELEMENTS--GENERAL INFORMATION
fixed length control field 150610s9999 xx 000 0 und d
020 ## - INTERNATIONAL STANDARD BOOK NUMBER
International Standard Book Number 9780316056281
050 ## - LIBRARY OF CONGRESS CALL NUMBER
Classification number  BF637
Item number .S8 G58 2009  
100 ## - MAIN ENTRY--PERSONAL NAME
Personal name Gladwell, Malcolm
245 ## - TITLE STATEMENT
Title Outliers:
Remainder of title the story of success /
Statement of responsibility, etc Malcolm Gladwell.
250 ## - EDITION STATEMENT
Edition statement First international mass market edition.
260 ## - PUBLICATION, DISTRIBUTION, ETC. (IMPRINT)
Place of publication, distribution, etc New York :
Name of publisher, distributor, etc Back Bay Books,
Date of publication, distribution, etc 2009.
300 ## - PHYSICAL DESCRIPTION
Extent 365pages ;
Dimensions 18 cm.
504 ## - BIBLIOGRAPHY, ETC. NOTE
Bibliography, etc Originally published: New York : Little, Brown and Company, c2008.
520 ## - SUMMARY, ETC.
Summary, etc Successful people.
650 ## - SUBJECT ADDED ENTRY--TOPICAL TERM
General subdivision Success.
Holdings
Withdrawn status Lost status Damaged status Home library Current library Shelving location Date acquired Total Checkouts Full call number Barcode Date last seen Price effective from Koha item type
      Stonyhurst Southville International School (Batangas) Stonyhurst Southville International School (Batangas) High School Section 06/10/2015    BF637.S8 G58 2009   US-2088 06/10/2015   Books

Outliers:

APA

Gladwell M., . (2009). Outliers. New York: Back Bay Books.

Chicago

Gladwell Malcolm, . 2009. Outliers. New York: Back Bay Books.

Harvard

Gladwell M., . (2009). Outliers. New York: Back Bay Books.

MLA

Gladwell Malcolm, . Outliers. New York: Back Bay Books. 2009.

  • Place hold
  • Print
  • Cite
  • Add to your cart (remove)
  • Save record
    BIBTEX Dublin Core MARCXML MARC (non-Unicode/MARC-8) MARC (Unicode/UTF-8) MARC (Unicode/UTF-8, Standard) MODS (XML) RIS
  • More searches
    Search for this title in:
    Other Libraries (WorldCat) Other Databases (Google Scholar) Online Stores (Bookfinder.com) Open Library (openlibrary.org)

Exporting to Dublin Core...

SOUTHVILLE LIBRARY

Southville International School and Colleges Library

1281 Tropical Ave. Cor. Luxembourg St., BF Homes International, Las Pinas City

Tel. No. 8256374 / 252358 Loc. 117/146

Powered by Koha